000 00432nam a22001457a 4500
008 211020b |||||||| |||| 00| 0 eng d
020 _a9781785764158
082 _a813.54
100 _aWaites, Martyn
245 _aThe old religion
260 _aLondon :
_bZaffre,
_c2018.
300 _a448 p.
_c20 cm.
650 _a FICTION / Thrillers / General; FICTION / Thrillers / Crime; FICTION / Crime; FICTION / Thrillers
942 _2ddc
999 _c8904
_d8905